Алексей Еремин

Podrobná bibliografie
Hlavní autor: Голенький Г. Ф. Георгий Федорович
Shrnutí:Монография посвящена творчеству ленинградского живописца, народного художника РСФСР А.Г.Еремина. Отчий край - Заонежье, сильные и красивые его люди стали той темой мастера, который он предан безраздельно. Об истоках и становлении таланта Еремина, автора таких известных полотен, как "Материнские думы", "Онежская уха", "Отцы и сыновья", рассказывает ленинградский искусствовед Г.Голенький.
Jazyk:ruština
Vydáno: Ленинград, Художник РСФСР, 1985
Témata:
Médium: MixedMaterials Kniha
KOHA link:https://koha.lib.tpu.ru/cgi-bin/koha/opac-detail.pl?biblionumber=350503

MARC

LEADER 00000nam0a2200000 4500
001 350503
005 20231102010316.0
020 |a RU  |b 86-22281 
035 |a (RuTPU)RU\TPU\retro\4626 
090 |a 350503 
100 |a 20190206d1985 m y0rusy5003 ca 
101 0 |a rus 
102 |a RU 
105 |a a z 001zy 
200 1 |a Алексей Еремин  |f Г. Ф. Голенький 
210 |a Ленинград  |c Художник РСФСР  |d 1985 
215 |a 159,[1] с.  |c ил., цв. ил.  |d 30 см 
320 |a Библиогр.: с. 153 (8 назв.) 
320 |a Список основных произведений А. Еремина: с. 154-157 
330 |a Монография посвящена творчеству ленинградского живописца, народного художника РСФСР А.Г.Еремина. Отчий край - Заонежье, сильные и красивые его люди стали той темой мастера, который он предан безраздельно. Об истоках и становлении таланта Еремина, автора таких известных полотен, как "Материнские думы", "Онежская уха", "Отцы и сыновья", рассказывает ленинградский искусствовед Г.Голенький. 
600 1 |a Ерёмин  |b А. Г.  |c живописец, народный художник России  |f 1919-1998  |g Алексей Григорьевич  |2 stltpush  |3 (RuTPU)RU\TPU\pers\43000 
606 1 |a Живописцы  |2 stltpush  |3 (RuTPU)RU\TPU\subj\10834  |9 37852 
610 1 |a русская советская живопись 
675 |a 75.071  |z rus  |v 3 
700 1 |a Голенький  |b Г. Ф.  |g Георгий Федорович  |4 070 
801 0 |a RU  |b RuMRKP  |c 19950704  |g psbo 
801 1 |a RU  |b 63413507  |c 20190206 
801 2 |a RU  |b 63413507  |c 20190614  |g RCR 
942 |c BK